00531nam a2200217Ia 4500003000900000008004100009040001300050040001300063041000800076100002900084100001400113245005800127250000900185260002100194260000900215300001200224300001200236490001900248490000600267600004000273IT-RoPAU120407s9999 xx 000 0 und d aIT-RoPAU cIT-RoPAU aita aFrancesco Licinio Galati ca cura di aDizionario della Letteratura Mondiale del 900. A - F. aRoma aEdizioni Paoline c1980 a1115 p. c21,5 cm aI dizionari, 8 v1 a1. Letteratura Mondiale, Dizionari.